លក្ខណៈជីវសាស្រ្តនៃការបណ្ដុះគ្រាប់ និងកូនឈើប្រភេទ Peltophorum ferrugineum នៅលើថ្នាល (Record no. 2888)

000 -LEADER
fixed length control field 00582nam a22001577a 4500
003 - CONTROL NUMBER IDENTIFIER
control field OSt
005 - DATE AND TIME OF LATEST TRANSACTION
control field 20151101090414.0
008 - FIXED-LENGTH DATA ELEMENTS--GENERAL INFORMATION
fixed length control field 151101b xxu||||| |||| 00| 0 eng d
040 ## - CATALOGING SOURCE
Transcribing agency RUA
082 ## - DEWEY DECIMAL CLASSIFICATION NUMBER
Classification number FOR អ៊ុក 1989 B115 Or.1
100 ## - MAIN ENTRY--PERSONAL NAME
9 (RLIN) 3099
Personal name អ៊ុក ស៊ីផាន
245 ## - TITLE STATEMENT
Title លក្ខណៈជីវសាស្រ្តនៃការបណ្ដុះគ្រាប់ និងកូនឈើប្រភេទ Peltophorum ferrugineum នៅលើថ្នាល
260 ## - PUBLICATION, DISTRIBUTION, ETC. (IMPRINT)
Place of publication, distribution, etc. Phnom Penh
Name of publisher, distributor, etc. RUA
Date of publication, distribution, etc. 1989
300 ## - PHYSICAL DESCRIPTION
Extent 104p.
Other physical details ill.
Dimensions 29cm.
942 ## - ADDED ENTRY ELEMENTS (KOHA)
Source of classification or shelving scheme
Koha item type FOR
Holdings
Price effective from Date last seen Permanent Location Not for loan Date acquired Source of classification or shelving scheme Koha item type Barcode Lost status Damaged status Shelving location Withdrawn status Current Location Full call number
2015-11-012015-11-01Library Block B 2015-11-01 FORRUA027820  B115 Library Block BFOR អ៊ុក 1989 B115 Or.1
មជ្ឈមណ្ឌលឯការនៃសាកលវិទ្យាល័យភូមិន្ទកសិកម្មចំការដូង

Powered by Koha